00837nam a2200157 a 4500001000400000003000900004008004100013040002800054082001500082100001600097245010500113260005200218300001000270505036500280650003400645426CO-ViMGA141112s2004 ck r 000 u spa d aCO-ViMGAbspacCO-ViMGA04a330.9 A9911 aAyza, Juan 10aIntegracción económica en América Latina / cAyza Juan , Fichet Gerardo , González Norberto  aMexico : bFondo de Cultura Económica, c1975 a232 p aSustitución de importaciones. Revisión de conceptos y evolución 28 - - Evolución de las importaciones totales con relación al producto 50 - - La magnitud del mercado en relación con el desarrollo 74 - - La cooperación entre paises y la sustitución de importaciones 112 - - Cooperación, comercio y sustitución en los paises de la ALALC 139 14aEconomía - América LATINA